MARC details
| 000 -CABECERA |
| campo de control de longitud fija |
01443nam a2200217 a 4500 |
| 001 - NÚMERO DE CONTROL |
| campo de control |
000030416 |
| 005 - FECHA Y HORA DE LA ÚLTIMA TRANSACCIÓN |
| campo de control |
20200930062312.0 |
| 008 - DATOS DE LONGITUD FIJA--INFORMACIÓN GENERAL |
| campo de control de longitud fija |
110517s2010 dr f001 0 spa d |
| 040 ## - FUENTE DE LA CATALOGACIÓN |
| Centro catalogador/agencia de origen |
DO-SdBNP |
| Lengua de catalogación |
spa |
| Centro/agencia transcriptor |
BNPHU |
| 082 ## - NÚMERO DE LA CLASIFICACIÓN DECIMAL DEWEY |
| Número de clasificación |
342.7293023 |
| Número de documento/Ítem |
R426const, 2010 |
| 110 1# - ENTRADA PRINCIPAL--NOMBRE DE ENTIDAD CORPORATIVA |
| Nombre de entidad corporativa o nombre de jurisdicción como elemento de entrada |
República Dominicana. |
| 9 (RLIN) |
447 |
| 240 10 - TÍTULO UNIFORME |
| Título uniforme |
Constitución (2010) |
| 245 10 - MENCIÓN DE TÍTULO |
| Título |
Constitución de la República Dominicana : |
| Resto del título |
proclamada el 26 de enero del año 2010. /. |
| 260 ## - PUBLICACIÓN, DISTRIBUCIÓN, ETC. |
| Lugar de publicación, distribución, etc. |
Santo Domingo : |
| Nombre del editor, distribuidor, etc. |
Serigraf, |
| Fecha de publicación, distribución, etc. |
2010. |
| 300 ## - DESCRIPCIÓN FÍSICA |
| Extensión |
255 p. ; |
| Dimensiones |
23 cm. |
| 505 0# - NOTA DE CONTENIDO CON FORMATO |
| Información miscelánea |
Preámbulo -- |
| Título |
De la Nación, del Estado, de su gobierno y de sus principios fundamentales -- |
| -- |
De los derechos, garantías y deberes fundamentales -- |
| -- |
Del Poder Legislativo -- |
| -- |
Del Poder Ejecutivo -- |
| -- |
Del Poder Judicial -- |
| -- |
Del Consejo Nacional de la Magistratura -- |
| -- |
Del control constitucional -- |
| -- |
Del Defensor del Pueblo -- |
| -- |
Del ordenamiento del territorio y de la administración local -- |
| -- |
Del Sistema electoral -- |
| -- |
Del régimen económico y financiero y de la Cámara de Cuentas -- |
| -- |
De las Fuerzas Armadas, de la Policía Nacional y de la Seguridad y Defensa -- |
| -- |
De los Estados de Excepción -- |
| -- |
De las Reformas Constitucionales -- |
| Información miscelánea |
Disposiciones generales y transitorias -- |
| -- |
Firmas. |
| 590 ## - NOTA LOCAL (RLIN) |
| Nota local |
Inventariado, 2018/ YL |
| 651 #4 - PUNTO DE ACCESO ADICIONAL DE MATERIA--NOMBRE GEOGRÁFICO |
| Nombre geográfico |
República Dominicana |
| Subdivisión general |
Constitución (2010{Rpara} |
| 9 (RLIN) |
35654 |
| 651 #4 - PUNTO DE ACCESO ADICIONAL DE MATERIA--NOMBRE GEOGRÁFICO |
| Nombre geográfico |
República Dominicana |
| Subdivisión general |
Derecho Constitucional |
| 9 (RLIN) |
9303 |
| 910 ## - DATOS DE OPCIÓN DEL USUARIO (OCLC) |
| Datos de opción del usuario |
Validado. Control de calidad EMS |